<?xml version="1.0" encoding="UTF-8"?>
<record
    xmlns:xsi="http://www.w3.org/2001/XMLSchema-instance"
    xsi:schemaLocation="http://www.loc.gov/MARC21/slim http://www.loc.gov/standards/marcxml/schema/MARC21slim.xsd"
    xmlns="http://www.loc.gov/MARC21/slim">

  <leader>03421nam a22001577a 4500</leader>
  <controlfield tag="008">150714b        xxu||||| |||| 00| 0 eng d</controlfield>
  <datafield tag="020" ind1=" " ind2=" ">
    <subfield code="a">080397356x</subfield>
  </datafield>
  <datafield tag="050" ind1=" " ind2=" ">
    <subfield code="a">P90.B413</subfield>
  </datafield>
  <datafield tag="100" ind1=" " ind2=" ">
    <subfield code="a">Berger, Arthur Asa.</subfield>
  </datafield>
  <datafield tag="245" ind1=" " ind2=" ">
    <subfield code="a">Essentials of mass communication theory. /</subfield>
    <subfield code="c">Arthur Asa Berger.</subfield>
  </datafield>
  <datafield tag="260" ind1=" " ind2=" ">
    <subfield code="a">London:</subfield>
    <subfield code="b">SAGE,</subfield>
    <subfield code="c">1995.</subfield>
  </datafield>
  <datafield tag="300" ind1=" " ind2=" ">
    <subfield code="a">x, 208p.:</subfield>
    <subfield code="c">23cm</subfield>
  </datafield>
  <datafield tag="500" ind1=" " ind2=" ">
    <subfield code="a">Includes index.</subfield>
  </datafield>
  <datafield tag="505" ind1=" " ind2=" ">
    <subfield code="a">Contents: Making sense of mass communication: Some scenarios -- Focal points in mass communication -- Defining our terms: Mass -- Individualism and the mass media -- Defining our terms: Communication -- Levels of communication -- Laswell's communication model -- Gerbner's model of communication -- Jakobson's model of communication process -- The osgood-schramm circular model -- The sapir-whorf hypothesis and its implications for media study -- The play theory of mass communication -- A note on controversies -- Are media effects weak or powerful? -- Scholarly disputes in the study of mass communication -- A note on terms and definitions -- Summary -- The artwork (or text): Rashomon: A synopsis -- The rashomon phenomenon -- Analyzing and interpreting texts -- A semiotic interpretation of rashomon -- A psychoanalytic interpretation of rashomon -- A marxist interpretation of rashomon -- A feminist interpretation of rashomon -- A sociological interpretation of rashomon -- An ethical interpretation of rashomon -- A myth/ritual/symbol interpretation -- An aesthetic interpretation of rashomon -- A theoretical matter: The functions of texts -- Defining texts -- Understanding genres -- Content analysis -- Summary -- Media: Transportation, responsive chord, and ritual theories of media -- McLuhans's theory: The medium is the message -- McLuhan's theory of hot and cool media -- Media effects -- Ownership of the mass media -- The problem of violence -- The neglected matter of media aesthetics -- Summary -- The audience: Masses versus publics -- Cultures and subcultures in the United States -- Erik Erikson, life cycles, and station preferences -- A hypothesis on taste in music -- A hypothesis on heavy television use and addiction -- Aaron Wildavsky's theory of political cultures -- Uses and gratifications -- Functional analysis -- The problem of aberrant decoding -- The media and attitudes -- Socioeconomic aspects of decoding -- Durkheim on collective representations -- Reception theory -- Audience segmentation by marketers -- Summary -- America/Society: Four systems of mass communication -- Those who pay the piper call the tune -- Some social functions of mass communication -- A note on dysfunctions and latent functions -- Some criticisms of mass media and mass communication -- Emancipatory and domination theories of the media -- Resistance: Emancipatory uses of mass communication -- Humor and resistance: A case study  -- Administrative versus critical research in mass communication -- Postmodernism and mass communication -- Summary -- The artist: Kinds of artists -- The artist as an encoder -- Writers and audiences -- Not all texts in the elite arts are masterpieces -- The medium shapes the message -- On the social functions of art -- New technologies and new media -- The irony of the artist's image -- Writing for the mass media -- The problem of intention -- The psychology of creation: A freudian perspective -- Auteur theory -- Kurosawa as an auteur -- Summary.</subfield>
  </datafield>
  <datafield tag="942" ind1=" " ind2=" ">
    <subfield code="2">lcc</subfield>
    <subfield code="c">BK</subfield>
  </datafield>
  <datafield tag="999" ind1=" " ind2=" ">
    <subfield code="c">5633</subfield>
    <subfield code="d">13133</subfield>
  </datafield>
  <datafield tag="952" ind1=" " ind2=" ">
    <subfield code="0">0</subfield>
    <subfield code="1">0</subfield>
    <subfield code="2">lcc</subfield>
    <subfield code="4">0</subfield>
    <subfield code="7">0</subfield>
    <subfield code="a">WIUC-1</subfield>
    <subfield code="b">WIUC-1</subfield>
    <subfield code="c">REF</subfield>
    <subfield code="d">2015-07-14</subfield>
    <subfield code="l">0</subfield>
    <subfield code="o">P90.B413</subfield>
    <subfield code="p">8024/451/15</subfield>
    <subfield code="r">2015-07-14 00:00:00</subfield>
    <subfield code="w">2015-07-14</subfield>
    <subfield code="y">BK</subfield>
  </datafield>
</record>
